[Event "12. Lichtenberger Sommer"]
[Site "Berlin"]
[Date "2013.08.21"]
[Round "5.22"]
[White "Poseck, Steffen"]
[Black "Mahn, Franko"]
[Result "0-1"]
[WhiteElo "2044"]
[BlackElo "2172"]
[PlyCount "88"]
[EventDate "2013.??.??"]
[WhiteTeam "BSV 63 Chemie Weißensee"]
[BlackTeam "SC Weisse Dame e.V."]

1. Nf3 Nf6 2. d4 c5 3. g3 g6 4. Bg2 Bg7 5. O-O cxd4 6. Nxd4 O-O 7. Nc3 Nc6 8.
Rb1 d5 9. Nxc6 bxc6 10. e4 Bg4 11. f3 Be6 12. exd5 Nxd5 13. Nxd5 cxd5 14. b3
Qa5 15. a4 Rac8 16. Ba3 Rc7 17. f4 Rfc8 18. Rc1 Bc3 19. Qd3 d4 20. Be4 Bd5 21.
f5 Bxe4 22. Qxe4 Bb4 23. Bxb4 Qxb4 24. Qf4 Qb6 25. a5 Qc5 26. b4 Qd5 27. Qf3
Qxf3 28. Rxf3 Rxc2 29. Rd1 Rc1 30. Rfd3 R8c4 31. b5 Rxd1+ 32. Rxd1 Rb4 33. b6
axb6 34. axb6 gxf5 35. b7 e5 36. Rf1 f6 37. Rxf5 Kg7 38. g4 Kg6 39. h4 h6 40.
Kf2 Rxb7 41. Kf3 Rb3+ 42. Kf2 Re3 43. Kg2 d3 44. Kf2 Re4 0-1

[Event "12. Lichtenberger Sommer"]
[Site "Berlin"]
[Date "2013.08.21"]
[Round "5.23"]
[White "Stiemerling, Wilfried"]
[Black "Flick, Antoine"]
[Result "1/2-1/2"]
[WhiteElo "2158"]
[BlackElo "1954"]
[PlyCount "63"]
[EventDate "2013.??.??"]
[WhiteTeam "BSG Pneumant Fürstenwalde e.V."]
[BlackTeam "Philidor Mulhouse"]

1. d4 d5 2. c4 e6 3. Nc3 Nf6 4. Bg5 c6 5. e3 Nbd7 6. a3 Be7 7. Nf3 O-O 8. Bd3
a6 9. cxd5 exd5 10. Qc2 Re8 11. O-O Nf8 12. b4 Ng6 13. Bxf6 Bxf6 14. a4 Bg4 15.
Nd2 Qd6 16. Rab1 Rac8 17. Nb3 Bd8 18. Ne2 Bc7 19. Ng3 h5 20. Rfe1 h4 21. Nf1 h3
22. g3 Qf6 23. Nbd2 Bd6 24. f3 Bxf3 25. Nxf3 Qxf3 26. Bf5 Rc7 27. Bxh3 Qh5 28.
Bg2 Bf8 29. Qe2 Qf5 30. Qf3 Qc2 31. Qd1 Qf5 32. Qf3 1/2-1/2

[Event "12. Lichtenberger Sommer"]
[Site "Berlin"]
[Date "2013.08.21"]
[Round "5.24"]
[White "Hahlbohm, Matthias"]
[Black "Martin, Julian"]
[Result "0-1"]
[WhiteElo "2115"]
[BlackElo "1888"]
[PlyCount "163"]
[EventDate "2013.??.??"]
[WhiteTeam "TSG Oberschöneweide e.V."]
[BlackTeam "OSG Baden-Baden"]

1. e4 c5 2. c3 d5 3. e5 Nc6 4. f4 d4 5. Bc4 e6 6. Nf3 a6 7. a4 Nge7 8. O-O Ng6
9. d3 Be7 10. g3 Rb8 11. Qe2 b5 12. axb5 axb5 13. Bb3 b4 14. cxd4 Nxd4 15. Nxd4
cxd4 16. Nd2 Bb7 17. Ba4+ Kf8 18. Bb3 Bd5 19. Bxd5 Qxd5 20. Nc4 Bc5 21. Bd2 Ne7
22. Ra5 Nc6 23. Ra6 Ke7 24. f5 Ra8 25. Bg5+ Kd7 26. fxe6+ Qxe6 27. Rxa8 Rxa8
28. Qh5 Nxe5 29. Nxe5+ Qxe5 30. Qxf7+ Kc6 31. Bf4 Qe7 32. Qh5 Ra2 33. Qf3+ Kb6
34. Bc1 Ra1 35. Kg2 Qe6 36. Qf2 Ra8 37. Bf4 Re8 38. h3 h6 39. Qf3 Rf8 40. Qd1
Re8 41. Rf2 Rf8 42. Re2 Qc6+ 43. Kg1 g5 44. Be5 Qf3 45. b3 Rf5 46. Bf4 Qd5 47.
Bd2 Rf3 48. Be1 Qf5 49. Bf2 Qxh3 50. Qe1 Rf6 51. Re8 Qf5 52. Re5 Qd7 53. Qe4
Rd6 54. Qa8 Qc6 55. Qb8+ Ka6 56. Re1 Qb7 57. Qe8 Qc6 58. Ra1+ Kb6 59. Qb8+ Qb7
60. Qg8 Qc7 61. Ra8 Kb7 62. Re8 Bb6 63. Qf8 h5 64. Re7 Rd7 65. Qf3+ Ka7 66. Re1
Qc3 67. Re8 Rb7 68. Qf8 Ka6 69. Ra8+ Ra7 70. Rb8 h4 71. Qf6 Qc7 72. Re8 hxg3
73. Bxd4 Qc1+ 74. Kg2 Qd2+ 75. Kg1 Qh2+ 76. Kf1 g2+ 77. Ke1 g1=Q+ 78. Bxg1
Qxg1+ 79. Ke2 Qg2+ 80. Ke1 Qh1+ 81. Ke2 Rc7 82. Qa1+ 0-1

[Event "12. Lichtenberger Sommer"]
[Site "Berlin"]
[Date "2013.08.21"]
[Round "5.25"]
[White "Krajewski, Wolfgang"]
[Black "Stark, Ingo"]
[Result "1/2-1/2"]
[WhiteElo "2073"]
[BlackElo "2134"]
[PlyCount "164"]
[EventDate "2013.??.??"]
[WhiteTeam "SK Zehlendorf e.V."]
[BlackTeam "TSG Oberschöneweide e.V."]

1. d4 Nf6 2. Nf3 c5 3. c3 e6 4. Bg5 h6 5. Bh4 b6 6. e3 Bb7 7. Nbd2 d6 8. Bb5+
Nbd7 9. Bg3 a6 10. Bd3 Be7 11. O-O Nh5 12. Be4 d5 13. Bd3 Nxg3 14. hxg3 Qc7 15.
e4 dxe4 16. Bxe4 O-O 17. Qe2 Rfd8 18. Rad1 Rac8 19. Rfe1 Nf6 20. Bxb7 Qxb7 21.
Nb3 c4 22. Nbd2 b5 23. Ne5 Qd5 24. Nf1 Bf8 25. Ne3 Qe4 26. Qd2 Qb7 27. Qe2 Qe4
28. Qd2 Qb7 29. Qe2 Nd7 30. Nf3 Nf6 31. Ne5 Nd7 32. Nf3 Nf6 33. Ne5 g6 34. Qc2
Kh7 35. Qe2 Bg7 36. Kh2 Kg8 37. Rh1 Nd7 38. Nf3 Qe4 39. Nd2 Qb7 40. f4 Nb6 41.
Rhe1 Nd5 42. Nxd5 Qxd5 43. Qe4 a5 44. Qxd5 Rxd5 45. Nf3 Rc7 46. Kg1 Kf8 47. Kf2
Ke8 48. Ke3 Ke7 49. Rh1 Kd6 50. Nd2 b4 51. Ne4+ Kc6 52. Rd2 Rb5 53. Rhd1 Kd5
54. Rf2 Ra7 55. g4 Rb8 56. g5 hxg5 57. fxg5 e5 58. Nf6+ Bxf6 59. dxe5+ Kxe5 60.
Rxf6 Rc7 61. Rd2 Rbb7 62. Rfd6 Rc5 63. g4 Re7 64. R6d4 f5 65. Kf3 fxg4+ 66.
Kxg4 Ke6 67. Re4+ Kf7 68. Rf2+ Ke8 69. Rxe7+ Kxe7 70. Rf6 bxc3 71. bxc3 Re5 72.
Rxg6 Re2 73. Rc6 Rxa2 74. Rxc4 Kf7 75. Kf5 Rf2+ 76. Ke4 Rg2 77. Rc5 a4 78. Ra5
a3 79. Rxa3 Rxg5 80. c4 Ke6 81. Ra6+ Kd7 82. Kd4 Kc7 1/2-1/2

[Event "12. Lichtenberger Sommer"]
[Site "Berlin"]
[Date "2013.08.21"]
[Round "5.26"]
[White "Kutschke, Jens"]
[Black "Schmidt, Martin"]
[Result "0-1"]
[WhiteElo "1891"]
[BlackElo "2061"]
[PlyCount "130"]
[EventDate "2013.??.??"]
[WhiteTeam "Sfrd. Berlin 1903 e.V."]
[BlackTeam "SC Borussia Friedrichsfelde 1920"]

1. e4 e5 2. Nf3 Nc6 3. Bc4 Bc5 4. c3 Nf6 5. d4 exd4 6. cxd4 Bb4+ 7. Bd2 Bxd2+
8. Nbxd2 d5 9. exd5 Nxd5 10. Qb3 Nce7 11. Ne4 O-O 12. Ne5 c6 13. a4 Qa5+ 14.
Nc3 Be6 15. O-O Qc7 16. Nd3 Rad8 17. Nc5 Bc8 18. Rfd1 Rd6 19. Bxd5 Nxd5 20.
N3e4 Rh6 21. Ng3 Rd8 22. Qf3 Rf6 23. Qe2 Nf4 24. Qe5 Nd5 25. Nh5 Qxe5 26. dxe5
Rf5 27. Ng3 Rxe5 28. Re1 Rde8 29. Rxe5 Rxe5 30. Nd3 Re7 31. a5 g6 32. Re1 Rxe1+
33. Nxe1 b6 34. axb6 axb6 35. Nf3 Kf8 36. Ne5 Bb7 37. Ne4 Ke7 38. Kf1 f6 39.
Nf3 Ba6+ 40. Ke1 Nf4 41. g3 Nd3+ 42. Kd2 Nxb2 43. Nd4 Nc4+ 44. Kc3 Na5 45. f4
c5 46. Nc2 Nc4 47. g4 Nd6 48. Ng3 Bb7 49. Kd3 b5 50. h4 b4 51. Ne3 Ba6+ 52. Kc2
Ke6 53. g5 Bb7 54. gxf6 Kxf6 55. Ng4+ Ke6 56. Ne3 Bf3 57. Kd3 Kd7 58. f5 gxf5
59. Nexf5 Nxf5 60. Nxf5 Ke6 61. Ng7+ Kd5 62. Ne8 Be4+ 63. Kd2 Ke5 64. Nc7 c4
65. Kc1 c3 0-1

[Event "12. Lichtenberger Sommer"]
[Site "Berlin"]
[Date "2013.08.21"]
[Round "5.27"]
[White "Boetzer, Detlef"]
[Black "Ciolek, Andreas"]
[Result "1-0"]
[WhiteElo "2275"]
[BlackElo "1888"]
[PlyCount "63"]
[EventDate "2013.??.??"]
[WhiteTeam "SC Rotation Pankow e.V."]
[BlackTeam "SK Singen"]

1. d4 Nf6 2. c4 g6 3. Nc3 Bg7 4. e4 d6 5. h3 O-O 6. Nf3 e5 7. dxe5 dxe5 8. Qxd8
Rxd8 9. Bg5 Re8 10. Nd5 Nxd5 11. cxd5 h6 12. Be3 c6 13. Bc4 b5 14. Bb3 Bb7 15.
Rc1 cxd5 16. Rc7 Bc6 17. exd5 Bd7 18. Bxa7 e4 19. Nd2 Be5 20. Bxb8 Bxc7 21.
Bxc7 e3 22. Nf3 Re4 23. fxe3 Rxe3+ 24. Kf2 Rae8 25. Re1 Rxe1 26. Nxe1 b4 27.
Nf3 Re4 28. Nd2 Re8 29. Nc4 Kg7 30. Bd6 Bb5 31. Bxb4 Re4 32. Bc3+ 1-0

[Event "12. Lichtenberger Sommer"]
[Site "Berlin"]
[Date "2013.08.21"]
[Round "5.28"]
[White "Mohrmann, Ralf"]
[Black "Cvetanovic, Damjan"]
[Result "0-1"]
[WhiteElo "1996"]
[BlackElo "1937"]
[PlyCount "136"]
[EventDate "2013.??.??"]
[WhiteTeam "SC Weisse Dame e.V."]
[BlackTeam "Promocija Novi-Sad"]

1. d4 Nf6 2. c4 e5 3. dxe5 Ng4 4. Bf4 g5 5. Bg3 Bg7 6. Nf3 Nc6 7. e3 Ngxe5 8.
Nxe5 Nxe5 9. Nc3 d6 10. Qc2 Be6 11. b3 Qf6 12. Rc1 O-O 13. Nd5 Qd8 14. h4 g4
15. h5 f5 16. Rd1 c6 17. Nf4 Qa5+ 18. Ke2 Bf7 19. Bh4 d5 20. c5 Rfe8 21. h6 Bh8
22. Rd2 Bg6 23. Kd1 Nd7 24. Bd3 Nxc5 25. Bxf5 Ne4 26. Bxg6 hxg6 27. h7+ Kf7 28.
Rd3 g5 29. f3 gxf4 30. fxe4 Rxe4 31. Rf1 Rae8 32. Rxf4+ Rxf4 33. exf4 Re4 34.
Bg3 Qb4 35. Rd2 Qc3 36. Qxc3 Bxc3 37. Re2 Kg7 38. Rxe4 dxe4 39. Ke2 Bd4 40. Bf2
c5 41. b4 b6 42. Bh4 Kxh7 43. b5 Kg6 44. Bd8 Kf7 45. a4 Ke8 46. Bc7 Kd7 47. Bb8
Kc8 48. Bd6 c4 49. Kd2 Kb7 50. f5 c3+ 51. Kc2 e3 52. Kd3 Kc8 53. Bf4 Kd7 54.
Bb8 Kc8 55. Bf4 Kd7 56. Bg5 Kd6 57. Bf4+ Kc5 58. Bg5 Kb4 59. f6 Kxa4 60. f7 Bg7
61. Bf6 Bf8 62. Bxc3 Kxb5 63. Kxe3 Kc4 64. Bd4 Kd5 65. Kd3 Ke6 66. Kc4 Kxf7 67.
Kb5 Bc5 68. Bc3 a5 0-1

[Event "12. Lichtenberger Sommer"]
[Site "Berlin"]
[Date "2013.08.21"]
[Round "5.30"]
[White "Sechting, Martin"]
[Black "Kupfer, Michael"]
[Result "0-1"]
[WhiteElo "2054"]
[BlackElo "2018"]
[PlyCount "86"]
[EventDate "2013.??.??"]
[WhiteTeam "SC Weisse Dame e.V."]
[BlackTeam "SC Friesen Lichtenberg e.V."]

1. d4 d5 2. c4 e6 3. Nc3 c5 4. e3 Nf6 5. Nf3 a6 6. Bd3 Be7 7. O-O O-O 8. b3 Re8
9. Bb2 cxd4 10. exd4 Nc6 11. Rc1 Qa5 12. c5 Qc7 13. Re1 Bd8 14. Bb1 Qf4 15. a3
Bc7 16. b4 Bd7 17. Ne2 Qh6 18. Ng3 Kh8 19. Rc2 g5 20. Ne5 Qg7 21. Nh5 Nxh5 22.
Qxh5 f6 23. Nxd7 Qxd7 24. Rce2 e5 25. h4 e4 26. f3 Bg3 27. fxe4 Bxe1 28. Rxe1
dxe4 29. d5 Ne5 30. Bxe4 Kg8 31. d6 Qf7 32. Qh6 Ng4 33. Qxh7+ Qxh7 34. Bxh7+
Kxh7 35. Rf1 gxh4 36. d7 Re2 37. Bxf6 Nxf6 38. Rxf6 Rd8 39. c6 bxc6 40. Rxc6
Rxd7 41. Rxa6 Rg7 42. b5 Rgxg2+ 43. Kf1 Ref2+ 0-1

[Event "12. Lichtenberger Sommer"]
[Site "Berlin"]
[Date "2013.08.21"]
[Round "5.32"]
[White "Lassan, Christian"]
[Black "Bertram, Johannes"]
[Result "0-1"]
[WhiteElo "2102"]
[BlackElo "1971"]
[PlyCount "126"]
[EventDate "2013.??.??"]
[WhiteTeam "BSV 63 Chemie Weißensee"]
[BlackTeam "Europchess"]

1. e4 e6 2. d3 d5 3. Qe2 Nf6 4. Nf3 c5 5. g3 Nc6 6. e5 Nd7 7. c4 dxc4 8. dxc4
Qc7 9. Bf4 Be7 10. h4 Rb8 11. Bg2 b5 12. cxb5 Qa5+ 13. Bd2 Qxb5 14. Qxb5 Rxb5
15. Bc3 Nb4 16. Na3 Rb8 17. O-O Ba6 18. Rfd1 Nd5 19. Bf1 Nxc3 20. bxc3 Bxf1 21.
Kxf1 Rb7 22. Rab1 Nb6 23. Nb5 Nc8 24. Nd6+ Nxd6 25. exd6 Rxb1 26. d7+ Kd8 27.
Rxb1 Kc7 28. Ke2 f6 29. Kd3 Rd8 30. Kc4 Rxd7 31. Re1 Rd6 32. g4 Ra6 33. Re2 Kd7
34. g5 fxg5 35. hxg5 h5 36. Ne5+ Kc7 37. Nd3 Kd7 38. f4 Kc7 39. Rh2 h4 40. Rxh4
Bxg5 41. Nxc5 Bxh4 42. Nxa6+ Kd6 43. Nc5 Ke7 44. Ne4 Kd7 45. Kb5 Kc7 46. c4 Bf6
47. a4 Bd4 48. a5 Be3 49. Nc5 Kd6 50. Nd3 e5 51. fxe5+ Ke6 52. a6 g5 53. c5 g4
54. c6 g3 55. Ne1 Bb6 56. Nf3 g2 57. Kc4 g1=Q 58. Nxg1 Bxg1 59. c7 Kd7 60. e6+
Kxc7 61. Kd5 Kd8 62. Kd6 Bh2+ 63. Kc6 Ke7 0-1

[Event "12. Lichtenberger Sommer"]
[Site "Berlin"]
[Date "2013.08.21"]
[Round "5.33"]
[White "Engesser, Jonas"]
[Black "Heerde, Thomas"]
[Result "0-1"]
[WhiteElo "1824"]
[BlackElo "2011"]
[PlyCount "117"]
[EventDate "2013.??.??"]
[WhiteTeam "SK Engen"]
[BlackTeam "SC Weisse Dame e.V."]

1. e4 d5 2. exd5 Qxd5 3. Nc3 Qa5 4. d4 c6 5. Bc4 Nf6 6. Qe2 Bg4 7. f3 Bf5 8. g4
Bg6 9. Nh3 e6 10. Bd2 Nbd7 11. O-O-O Bb4 12. Nf4 O-O-O 13. h4 h6 14. Nxg6 fxg6
15. a3 Bxc3 16. Bxc3 Qc7 17. Bxe6 Rhe8 18. Bxd7+ Rxd7 19. Qd3 Qf4+ 20. Bd2 Qxd4
21. Qxg6 Red8 22. g5 Ng8 23. Qe4 Qf2 24. Qg4 h5 25. Qh3 Ne7 26. g6 Nd5 27. Rhf1
Qc5 28. Kb1 Kb8 29. Qh1 Ka8 30. Rde1 Nf6 31. Bb4 Qf5 32. Qg2 c5 33. Ba5 Rc8 34.
Bc3 Nd5 35. Bd2 c4 36. f4 c3 37. Re5 Qg4 38. Qxg4 hxg4 39. Bxc3 Nxc3+ 40. bxc3
a6 41. Rg5 Rxc3 42. Rxg4 Rd2 43. f5 Rcxc2 44. Rb4 Rf2 45. Re1 Rcd2 46. h5 Rxf5
47. h6 gxh6 48. g7 Rg2 49. Rb6 h5 50. Rh6 Rxg7 51. Kb2 Rb5+ 52. Kc3 Rg3+ 53.
Kc4 Rxa3 54. Rh1 Ra4+ 55. Kc3 Raa5 56. Kc4 Ka7 57. Rh7 Rg5 58. Rb1 Rac5+ 59.
Kd4 0-1

[Event "12. Lichtenberger Sommer"]
[Site "Berlin"]
[Date "2013.08.21"]
[Round "5.34"]
[White "Halli, Gerhard"]
[Black "Millward, Kevin P"]
[Result "1/2-1/2"]
[WhiteElo "1938"]
[BlackElo "1920"]
[PlyCount "160"]
[EventDate "2013.??.??"]
[WhiteTeam "SK 1947 Sandhausen e.V."]
[BlackTeam "Athenaeum Chess Club London"]

1. d4 g6 2. c4 Bg7 3. Nc3 d6 4. e4 e5 5. d5 f5 6. Nf3 Nf6 7. Bd3 Na6 8. Qe2 Nc5
9. Bg5 h6 10. Bxf6 Qxf6 11. Nd2 h5 12. Bc2 a5 13. f3 Bd7 14. Nb3 Nxb3 15. Bxb3
Bh6 16. O-O h4 17. Ba4 Bxa4 18. Nxa4 Bf4 19. Kh1 Qg5 20. Qe1 Bg3 21. Qc1 Bf4
22. Qe1 Bd2 23. Qe2 Bf4 24. Qe1 O-O 25. Nc3 Bd2 26. Qe2 Be3 27. Rab1 Rf7 28.
Rfd1 Raf8 29. Rd3 Bd4 30. Re1 Kg7 31. Nb5 Bc5 32. Qd2 Qxd2 33. Rxd2 Bb4 34. Nc3
fxe4 35. Rxe4 h3 36. Rd3 Bxc3 37. Rxc3 Rf4 38. Rxf4 hxg2+ 39. Kxg2 Rxf4 40. b3
b6 41. Kg3 g5 42. Re3 Rd4 43. Re2 Kg6 44. h3 Kf5 45. Rf2 Rd3 46. Re2 Rd1 47.
Kf2 Rd3 48. Re3 Rd4 49. Re2 Kf4 50. Kg2 a4 51. Kf2 a3 52. Kg2 Rd1 53. Re4+ Kf5
54. Re2 Rb1 55. Kg3 Rb2 56. Rf2 Rb1 57. Re2 Rg1+ 58. Kf2 Rd1 59. Kg3 Rb1 60.
Rh2 Rb2 61. Rf2 Rxf2 62. Kxf2 Kf4 63. Kg2 e4 64. fxe4 Kxe4 65. Kg3 Kd3 66. Kf3
Kc2 67. Ke2 Kc3 68. Ke3 Kc2 69. Ke2 Kc3 70. Ke3 b5 71. cxb5 Kb4 72. Kd3 Kxb5
73. Kd4 Kb4 74. Kd3 Kc5 75. Ke4 Kb4 76. Kd4 Kb5 77. Kd3 Kc5 78. Ke4 Kb4 79. Kd4
Kb5 80. Kd3 Kc5 1/2-1/2

[Event "12. Lichtenberger Sommer"]
[Site "Berlin"]
[Date "2013.08.21"]
[Round "5.36"]
[White "Badestein, Hartmut"]
[Black "Bieg, Pascal"]
[Result "1-0"]
[WhiteElo "2083"]
[BlackElo "1859"]
[PlyCount "79"]
[EventDate "2013.??.??"]
[WhiteTeam "SC Friesen Lichtenberg e.V."]
[BlackTeam "SC Kreuzberg e.V."]

1. e4 c5 2. Nf3 d6 3. d4 cxd4 4. Nxd4 Nf6 5. Nc3 g6 6. Bg5 Bg7 7. f3 O-O 8. Qd2
Nc6 9. Nb3 Bd7 10. O-O-O a5 11. a4 Be6 12. Bh6 Bh8 13. Bxf8 Qxf8 14. Nb5 Nb4
15. N3d4 Rc8 16. Nxe6 fxe6 17. c3 Nd7 18. Kb1 Na6 19. h4 Qf7 20. h5 gxh5 21.
Qg5+ Bg7 22. Bd3 Rc5 23. Qe3 Nc7 24. g3 Nxb5 25. Bxb5 Ne5 26. f4 Nc4 27. Bxc4
Rxc4 28. Qd3 Rxa4 29. Rde1 Qe8 30. b3 Ra3 31. Kb2 Ra4 32. bxa4 Qxa4 33. e5 dxe5
34. fxe5 Qe8 35. g4 a4 36. Rxh5 a3+ 37. Ka2 h6 38. Rd1 Qa8 39. Qd8+ Qxd8 40.
Rxd8+ 1-0

[Event "12. Lichtenberger Sommer"]
[Site "Berlin"]
[Date "2013.08.21"]
[Round "5.37"]
[White "Adelberger, Georg"]
[Black "Kornrumpf, Joachim"]
[Result "0-1"]
[WhiteElo "1924"]
[BlackElo "2084"]
[PlyCount "144"]
[EventDate "2013.??.??"]
[WhiteTeam "SC Kreuzberg e.V."]
[BlackTeam "Preetzer TSV"]

1. d4 Nf6 2. Nf3 e6 3. e3 c5 4. Bd3 Qc7 5. b3 d6 6. O-O Nbd7 7. Bb2 Be7 8. Nbd2
b6 9. e4 cxd4 10. Nxd4 a6 11. f4 Bb7 12. Qe2 O-O 13. N4f3 Nc5 14. Rac1 Rac8 15.
a4 Qb8 16. e5 Nxd3 17. Qxd3 dxe5 18. Bxe5 Qa8 19. Nc4 Be4 20. Qe2 Bc5+ 21. Kh1
Qc6 22. Ncd2 Bg6 23. Bb2 Rfd8 24. Ne5 Qa8 25. Nxg6 hxg6 26. Bxf6 gxf6 27. Ne4
Be7 28. Rcd1 Kg7 29. Rxd8 Rxd8 30. Nf2 Rd4 31. Nd3 Qd5 32. Qf3 Bd6 33. Qxd5
Rxd5 34. g3 e5 35. fxe5 fxe5 36. Re1 f5 37. Re2 Kf6 38. Kg2 e4 39. Nb2 Bc5 40.
c3 Bd6 41. Nc4 Bc7 42. h4 b5 43. axb5 axb5 44. Ne3 Rd3 45. c4 bxc4 46. bxc4 Ke5
47. Nd5 Ba5 48. Nf4 Rd6 49. Ra2 Bd8 50. Rb2 g5 51. Rb5+ Kd4 52. hxg5 Bxg5 53.
Rxf5 Bxf4 54. c5 Rg6 55. Rxf4 Kd3 56. Rf8 e3 57. Rd8+ Ke2 58. Rd6 Rg5 59. c6
Rc5 60. g4 Ke1 61. Kf3 e2 62. Rd3 Rxc6 63. Ra3 Kf1 64. Ra1+ e1=Q 65. Rxe1+ Kxe1
66. Kf4 Kf2 67. g5 Rc8 68. Kf5 Kg3 69. Kf6 Kh4 70. g6 Kh5 71. g7 Kh6 72. Kf7
Rc7+ 0-1

[Event "12. Lichtenberger Sommer"]
[Site "Berlin"]
[Date "2013.08.21"]
[Round "5.39"]
[White "Schäfer, Heiko"]
[Black "Sidabras, Jonas"]
[Result "1-0"]
[WhiteElo "2020"]
[BlackElo "1687"]
[PlyCount "109"]
[EventDate "2013.??.??"]
[WhiteTeam "Potsdamer SV Mitte e.V."]
[BlackTeam "SC Kreuzberg e.V."]

1. d4 d5 2. Nf3 Nf6 3. c4 e6 4. g3 c6 5. Bg2 Bd6 6. O-O O-O 7. Nfd2 Qe7 8. Nc3
Nbd7 9. e4 dxe4 10. Ndxe4 Nxe4 11. Nxe4 e5 12. Bg5 f6 13. Nxd6 Qxd6 14. Qb3
Qxd4 15. Be3 Qg4 16. a4 Nb6 17. Bxb6 axb6 18. c5+ Kh8 19. Qxb6 Rxa4 20. Bh3 Qb4
21. Qxb4 Rxb4 22. Ra8 Rxb2 23. Rfa1 Rb5 24. Bxc8 g6 25. Bxb7 Rxa8 26. Rxa8+ Kg7
27. Bxc6 Rxc5 28. Ra7+ Kh6 29. Bf3 f5 30. Kg2 e4 31. Bd1 Rc3 32. Rb7 e3 33. f4
Ra3 34. Kf3 e2+ 35. Kxe2 Ra2+ 36. Kf3 Rxh2 37. Bb3 Rb2 38. Bd5 Rxb7 39. Bxb7 g5
40. Ke3 Kg6 41. Kd4 h5 42. Ke5 h4 43. g4 fxg4 44. f5+ Kf7 45. Bd5+ Kf8 46. f6
h3 47. Be6 h2 48. Bd5 g3 49. Ke6 Ke8 50. f7+ Kf8 51. Bc6 g4 52. Bb7 g2 53. Bxg2
g3 54. Bh1 g2 55. Bxg2 1-0

[Event "12. Lichtenberger Sommer"]
[Site "Berlin"]
[Date "2013.08.21"]
[Round "5.40"]
[White "Witte, Ronald"]
[Black "Kohlmeyer, Dagobert"]
[Result "1-0"]
[WhiteElo "2040"]
[BlackElo "1892"]
[PlyCount "59"]
[EventDate "2013.??.??"]
[WhiteTeam "BSV 63 Chemie Weißensee"]
[BlackTeam "SC Rochade e.V."]

1. d4 Nf6 2. c4 g6 3. Nc3 d5 4. Nf3 Bg7 5. Bf4 a6 6. e3 c6 7. h3 O-O 8. Bd3
dxc4 9. Bxc4 Nbd7 10. O-O Nb6 11. Bd3 Nbd5 12. Be5 Nxc3 13. bxc3 Qa5 14. c4 Nd7
15. Bxg7 Kxg7 16. Qb3 Qc7 17. Rac1 f6 18. c5 e5 19. Nd2 exd4 20. exd4 Qf4 21.
Nf3 b6 22. cxb6 Rb8 23. Rxc6 Bb7 24. Rc7 Rf7 25. Qe6 Bxf3 26. Rxd7 Rbf8 27.
Rxf7+ Rxf7 28. gxf3 Qxf3 29. Bxa6 f5 30. Qe5+ 1-0

[Event "12. Lichtenberger Sommer"]
[Site "Berlin"]
[Date "2013.08.21"]
[Round "5.41"]
[White "Jaeger, Andre"]
[Black "Bockrath, Hendrik"]
[Result "1-0"]
[WhiteElo "2005"]
[BlackElo "1382"]
[PlyCount "63"]
[EventDate "2013.??.??"]
[WhiteTeam "SC Rochade e.V."]
[BlackTeam "SC Kreuzberg e.V."]

1. d4 d5 2. c4 e6 3. Nc3 Nf6 4. cxd5 exd5 5. Bg5 Be7 6. e3 O-O 7. Bd3 h6 8. Bh4
Nbd7 9. Nge2 b6 10. O-O c5 11. Rc1 Bb7 12. f3 Re8 13. Bf2 Rc8 14. Nf4 a6 15.
Bf5 c4 16. Re1 Bd6 17. Nfe2 b5 18. a3 b4 19. axb4 Bxb4 20. Ng3 Qb6 21. e4 dxe4
22. fxe4 Rc7 23. Re2 Rd8 24. Qc2 Nb8 25. Na4 Qb5 26. d5 Bc8 27. Bb6 Bxf5 28.
Nxf5 Bc5+ 29. Bxc5 Rxc5 30. Nxc5 Qxc5+ 31. Kh1 g6 32. Nxh6+ 1-0

[Event "12. Lichtenberger Sommer"]
[Site "Berlin"]
[Date "2013.08.21"]
[Round "5.42"]
[White "Frübing, Thomas"]
[Black "Graf, Anton"]
[Result "1-0"]
[WhiteElo "2166"]
[BlackElo "1830"]
[PlyCount "119"]
[EventDate "2013.??.??"]
[WhiteTeam "SF Friedrichshagen"]
[BlackTeam "OSG Baden-Baden"]

1. e4 e6 2. d4 d5 3. Nc3 b6 4. exd5 exd5 5. Nf3 Nf6 6. Bd3 Be7 7. O-O Bg4 8.
Re1 O-O 9. Bg5 c6 10. Qe2 Bd6 11. Qe3 Nbd7 12. Ne5 Qc7 13. Nxg4 Nxg4 14. Qh3
Ngf6 15. Re2 Bf4 16. Bh4 Rfe8 17. Rae1 Rxe2 18. Rxe2 Qd6 19. Bf5 Nf8 20. Bxf6
Qxf6 21. Qd3 g6 22. Bh3 Qd6 23. g3 Bh6 24. a3 Qf6 25. Nd1 Bg7 26. c3 Ne6 27.
Bxe6 fxe6 28. Qe3 Re8 29. Kg2 e5 30. dxe5 Qxe5 31. Qxe5 Rxe5 32. Re3 Kf7 33.
Kf3 Ke6 34. Rd3 b5 35. Ne3 h5 36. Ng2 Rf5+ 37. Ke2 Kd6 38. f4 Kc5 39. Kd1 d4
40. Kc2 dxc3 41. b4+ Kb6 42. Rd7 Bh8 43. Nh4 Rf6 44. Rh7 g5 45. Rxh8 gxh4 46.
Rxh5 hxg3 47. hxg3 Rg6 48. Rg5 Re6 49. f5 Re3 50. Rg6 Kc7 51. g4 Kd7 52. g5 Rf3
53. Rf6 Ke7 54. Kb3 Rg3 55. Re6+ Kf8 56. g6 Rf3 57. f6 Rg3 58. f7 Rf3 59. Re8+
Kg7 60. Rg8+ 1-0

[Event "12. Lichtenberger Sommer"]
[Site "Berlin"]
[Date "2013.08.21"]
[Round "5.44"]
[White "Khorolskyi, Borys"]
[Black "Junge, Wolfgang"]
[Result "1-0"]
[WhiteElo "2100"]
[BlackElo "1819"]
[PlyCount "81"]
[EventDate "2013.??.??"]
[WhiteTeam "vereinslos"]
[BlackTeam "SC Friesen Lichtenberg e.V."]

1. Nf3 Nf6 2. g3 d5 3. Bg2 e6 4. O-O Nbd7 5. d4 Be7 6. c4 dxc4 7. Qa4 O-O 8.
Qxc4 c6 9. Nc3 Nb6 10. Qd3 Nbd5 11. a3 Nxc3 12. bxc3 h6 13. e4 Re8 14. c4 Nh7
15. e5 Qc7 16. Rb1 Rd8 17. Rd1 b6 18. Bf4 Bb7 19. h4 Rd7 20. Qe3 Qd8 21. h5 Nf8
22. Rd2 c5 23. d5 exd5 24. cxd5 Bxd5 25. Rbd1 Be6 26. Qe4 Rxd2 27. Rxd2 Qc8 28.
Nd4 Rb8 29. Nc6 Rb7 30. Nd4 Rd7 31. Nc6 Rc7 32. Qa4 Qe8 33. Qb5 Bd7 34. e6 Bxc6
35. exf7+ Kxf7 36. Qc4+ Ne6 37. Bh3 Bg5 38. Re2 Bb5 39. Bxe6+ Kf8 40. Bd6+ Be7
41. Qf4+ 1-0

[Event "12. Lichtenberger Sommer"]
[Site "Berlin"]
[Date "2013.08.21"]
[Round "5.45"]
[White "Kuckel, Andreas"]
[Black "Amelang, Thomas"]
[Result "0-1"]
[WhiteElo "1937"]
[BlackElo "2136"]
[PlyCount "44"]
[EventDate "2013.??.??"]
[WhiteTeam "SV Motor Wildau e.V."]
[BlackTeam "SK Siemens München"]

1. c4 g6 2. Nf3 Bg7 3. g3 c5 4. Bg2 Nc6 5. O-O d6 6. Nc3 Be6 7. b3 Nf6 8. Bb2
O-O 9. Rc1 Rb8 10. d4 cxd4 11. Nb5 Bh6 12. Ra1 Qd7 13. Nfxd4 a6 14. Nxe6 Qxe6
15. Nc7 Qd7 16. Nd5 Ne8 17. c5 dxc5 18. Nb6 Qc7 19. Nd5 Qd6 20. Nf6+ exf6 21.
Qxd6 Nxd6 22. Bxf6 Bg7 0-1

[Event "12. Lichtenberger Sommer"]
[Site "Berlin"]
[Date "2013.08.21"]
[Round "5.46"]
[White "Penner, Markus"]
[Black "Ritter, Uwe"]
[Result "1-0"]
[WhiteElo "2026"]
[BlackElo "1991"]
[PlyCount "45"]
[EventDate "2013.??.??"]
[WhiteTeam "SK Zehlendorf e.V."]
[BlackTeam "Reideburger SV 90 Halle"]

1. e4 e6 2. d4 d5 3. Nc3 dxe4 4. Nxe4 Bd7 5. Nf3 Bc6 6. Bd3 Nd7 7. O-O Ngf6 8.
Nxf6+ Nxf6 9. c4 Bxf3 10. Qxf3 c6 11. Be3 Be7 12. Rad1 O-O 13. Rfe1 Qc7 14. Bg5
Rad8 15. Qh3 h6 16. Bxh6 gxh6 17. Qxh6 Rxd4 18. Re3 Rxd3 19. Rexd3 Rd8 20. Rg3+
Qxg3 21. Rxd8+ Bxd8 22. hxg3 Ne4 23. Qf4 1-0

[Event "12. Lichtenberger Sommer"]
[Site "Berlin"]
[Date "2013.08.21"]
[Round "5.48"]
[White "Mc Aleenan, Charles"]
[Black "Hess, Max"]
[Result "1-0"]
[WhiteElo "1782"]
[BlackElo "2013"]
[PlyCount "77"]
[EventDate "2013.??.??"]
[WhiteTeam "Athenaeum Chess Club London"]
[BlackTeam "Post-SV Memmingen e.V."]

1. d4 Nf6 2. Bf4 g6 3. e3 Bg7 4. Nf3 O-O 5. Be2 d6 6. h3 Nfd7 7. O-O e5 8. Bh2
Nc6 9. c4 f5 10. Nc3 h6 11. Rc1 e4 12. Nd2 Nf6 13. Nb3 Ne7 14. c5 d5 15. Nb5
Ne8 16. Qd2 a6 17. Nc3 g5 18. Na5 c6 19. b4 Ng6 20. Bh5 Qf6 21. Na4 Nh4 22. Nb6
g4 23. hxg4 fxg4 24. Bxe8 Rxe8 25. Nxa8 Nf3+ 26. gxf3 gxf3 27. Kh1 Qh4 28. Nc7
Re5 29. dxe5 Bxe5 30. Rg1+ Kh7 31. Rg3 Bxc7 32. Qd4 Bxg3 33. fxg3 Qh5 34. Rf1
Qf5 35. Rf2 h5 36. Nb3 Qf7 37. Qe5 Bh3 38. Qf4 Qg7 39. Nd4 1-0